| 000 | 00619nam a22001937a 4500 | ||
|---|---|---|---|
| 999 |
_c5982 _d5982 |
||
| 003 | AR-CdUCM | ||
| 008 | 190313b ||||| |||| 00| 0 spa d | ||
| 040 |
_aMUNICIPALIDAD PROVINCIAL DEL CUSCO _cBIBLIOTECA MUNICIPAL DEL CUSCO |
||
| 082 |
_a868.1 / _bP41 |
||
| 100 |
_aPellicer, Carlos _917524 |
||
| 245 |
_aPrimera antología poética : _bpoemas líricos, heroicos, en el paisaje y religiosos / |
||
| 260 |
_aMexico : _bFCE, _c1969. |
||
| 300 |
_a366 páginas ; _c17 cm. |
||
| 505 | _aPoesía. | ||
| 650 |
_aPoesía. _9139 |
||
| 700 |
_aFernandez, Guillermo (selección) _917525 |
||
| 942 |
_2ddc _cLIBROS |
||
| 945 | _awfj | ||